Teaching, Assessing and Evalution for clinical competence : A practical guide for practitioners and teachers / (Record no. 820)

MARC details
000 -LEADER
fixed length control field 00620nam a22001937a 4500
003 - CONTROL NUMBER IDENTIFIER
control field OSt
005 - DATE AND TIME OF LATEST TRANSACTION
control field 20141215150139.0
008 - FIXED-LENGTH DATA ELEMENTS--GENERAL INFORMATION
fixed length control field 141215b xxu||||| |||| 00| 0 eng d
020 ## - INTERNATIONAL STANDARD BOOK NUMBER
International Standard Book Number 0748744177
040 ## - CATALOGING SOURCE
Transcribing agency DNLM
082 ## - DEWEY DECIMAL CLASSIFICATION NUMBER
Classification number W 18 N241 2000
100 ## - MAIN ENTRY--PERSONAL NAME
Personal name Neary Mary
9 (RLIN) 2221
245 ## - TITLE STATEMENT
Title Teaching, Assessing and Evalution for clinical competence : A practical guide for practitioners and teachers /
Statement of responsibility, etc. Mary Neary.
260 ## - PUBLICATION, DISTRIBUTION, ETC. (IMPRINT)
Place of publication, distribution, etc. United Kingdom :
Name of publisher, distributor, etc. Stanley Thornes.
Date of publication, distribution, etc. 2000
300 ## - PHYSICAL DESCRIPTION
Extent v, 225 p :
Other physical details ill ;
Dimensions 28 cm.
504 ## - BIBLIOGRAPHY, ETC. NOTE
Bibliography, etc Includes Bibliographical references and index.
650 ## - SUBJECT ADDED ENTRY--TOPICAL TERM
Topical term or geographic name as entry element clinicals
9 (RLIN) 2090
942 ## - ADDED ENTRY ELEMENTS (KOHA)
Source of classification or shelving scheme Other/Generic Classification Scheme
Koha item type Short Loan
Holdings
Withdrawn status Lost status Source of classification or shelving scheme Damaged status Not for loan Home library Current library Date acquired Source of acquisition Inventory number Total Checkouts Full call number Barcode Date last seen Price effective from Koha item type
    Other/Generic Classification Scheme     MUST Main Library MUST Main Library 15/12/2014   2002/17878   W 18 N241 2000 2014-3449 15/12/2014 15/12/2014 Short Loan